| 000 | 00840nam a2200253Ia 4500 | ||
|---|---|---|---|
| 003 | OSt | ||
| 005 | 20220830123632.0 | ||
| 008 | 210716s2011 xx 000 0 und d | ||
| 020 | _a9789350235287 | ||
| 040 | _cAIMIT LIBRARY | ||
| 041 | _aeng | ||
| 082 |
_a005.448 _21 _bMORM |
||
| 100 |
_aMorel, Mederic. _956121 |
||
| 245 |
_aGoogle apps : _bmastering integration and customization / _cBy Mederic Morel...[et. al.]. |
||
| 250 | _a1st ed. | ||
| 260 |
_aNew Delhi : _bShroff Publishers and Distributors Pvt Ltd , _c2011 . |
||
| 300 |
_ax, 250p. ;11p. ; _bPB _c23 cm. |
||
| 650 |
_aManaging a migration project to google apps _956122 |
||
| 650 |
_aPerforming the migration _956123 |
||
| 700 |
_aAlves, Manuel. _956124 |
||
| 700 |
_aCadet, Pascal. _956125 |
||
| 700 |
_aLemberger, Pirmin. _956126 |
||
| 942 |
_2ddc _cBK _e1st _k005.448 MORM |
||
| 999 |
_c193438 _d193438 |
||